000 00365nam a2200145Ia 4500
008 191201s2005 xx 000 0 und d
082 _a621.381
_bGAD
100 _aGAUR, R K
245 0 _aDigital Electronics and Microcomputers
250 _a4th
260 _aN.Delhi
_bDhanpat Rai Pub (P) Ltd
_c2005
300 _a14.43
650 _aB.Tech(ECE)
942 _2ddc
_cBK
999 _c1990
_d1990